Electrical techonolgy. (Record no. 545379)
[ view plain ]
| 000 -LEADER | |
|---|---|
| fixed length control field | 00375nam a22001337a 4500 |
| 082 ## - DEWEY DECIMAL CLASSIFICATION NUMBER | |
| Classification number | 621.3 |
| Author Mark | HOR |
| -- | L-9, P-13 |
| 100 ## - MAIN ENTRY--PERSONAL NAME | |
| Personal name | Horwood, W.I. |
| 9 (RLIN) | 41208 |
| 245 ## - TITLE STATEMENT | |
| Title | Electrical techonolgy. |
| 260 ## - PUBLICATION, DISTRIBUTION, ETC. | |
| Place of publication, distribution, etc. | London |
| Name of publisher, distributor, etc. | Charles Griffin and company, Limited. |
| 300 ## - PHYSICAL DESCRIPTION | |
| Extent | xii, 347 p. : |
| Other physical details | ill. : |
| Dimensions | 6 Cm |
| 526 ## - STUDY PROGRAM INFORMATION NOTE | |
| Program name | 0 |
| Interest level | 0 |
| Reading level | 0 |
| Title point value | 621_300000000000000_HOR |
| 650 ## - SUBJECT ADDED ENTRY--TOPICAL TERM | |
| Topical term or geographic name entry element | MCE |
| 9 (RLIN) | 379 |
| 942 ## - ADDED ENTRY ELEMENTS (KOHA) | |
| Source of classification or shelving scheme | |
| Koha item type | Book |
| Withdrawn status | Lost status | Source of classification or shelving scheme | Damaged status | Not for loan | Permanent Location | Current Location | Date acquired | Total Checkouts | Full call number | Barcode | Date last seen | Price effective from | Koha item type |
|---|---|---|---|---|---|---|---|---|---|---|---|---|---|
| Military College of Engineering (MCE) | Military College of Engineering (MCE) | 05/21/2014 | 621.3 HOR | MCE-30473 | 05/21/2014 | 05/21/2014 | Book |
